Drapeaux par une Couleur - Statistiques

Statistiques générales
  • Ce quiz a été pris 58 fois
  • Le résultat moyen est 38 sur 64
Statistiques - réponses
Par images Réponse % Correct
Macédoine du Nord
98%
Afrique du Sud
96%
États-Unis
93%
Royaume-Uni
93%
Barbade
89%
Slovaquie
89%
Suisse
87%
Corée du Sud
85%
Corée du Nord
83%
Kenya
83%
Malaisie
83%
République démocratique du Congo
83%
Cambodge
81%
Venezuela
81%
Bhoutan
80%
Angola
76%
Éthiopie
76%
Liechtenstein
74%
Algérie
72%
Mongolie
72%
Panama
72%
Mozambique
70%
Palaos
69%
Tonga
67%
Uruguay
67%
Libye
65%
Oman
65%
Seychelles
65%
Jamaïque
63%
Papouasie-Nouvelle-Guinée
63%
Saint-Vincent-et-les-Grenadines
63%
Burundi
61%
Érythrée
61%
Maldives
61%
Brésil
59%
Comores
57%
Malawi
57%
Mauritanie
57%
Zambie
57%
Sainte-Lucie
54%
République centrafricaine
52%
Bahamas
50%
Birmanie
50%
Grenade
48%
Vanuatu
48%
Îles Marshall
46%
Tuvalu
46%
Fidji
44%
Rwanda
43%
Antigua-et-Barbuda
37%
Zimbabwe
37%
Dominique
35%
Guyane
35%
Saint-Christophe-et-Niévès
35%
Samoa
35%
Trinité-et-Tobago
35%
Namibie
31%
Bosnie-Herzégovine
26%
République du Congo
26%
Sao Tomé-et-Principe
26%
Togo
20%
Soudan du Sud
17%
Timor oriental
17%
Tanzanie
6%
Aucun quiz correspondant
Distribution des résultats
% des personnes avec chaque résultat
Percentile par nombre de réponses
Votre historique - résultats
Vous n’avez pas pris ce quiz